[Event "19. Wch 2009 Veteranos Femenino"]
[Site "Condino ITA"]
[Date "2009.10.27"]
[Round "1.1"]
[White "Gaprindashvili, Nona"]
[Black "Sokolovskaya, Serafima"]
[Result "1-0"]
[WhiteElo "2349"]
[BlackElo "2102"]
[PlyCount "47"]
[EventDate "2009.10.27"]
[EventType "swiss"]
[EventRounds "9"]
[EventCountry "ITA"]
[Source "lmi"]
[SourceDate "2009.10.27"]

1. d4 d5 2. c4 e6 3. Nc3 Nf6 4. Bg5 Nbd7 5. e3 c6 6. a3 a5 7. b3 Be7 8. Nf3 O-O
9. Bd3 Re8 10. O-O Nf8 11. Qc2 N6d7 12. Bxe7 Qxe7 13. Rfe1 dxc4 14. bxc4 e5 15.
c5 Ng6 16. Ne4 Nh4 17. Nxh4 Qxh4 18. Nd6 Rf8 19. Bf5 exd4 20. Nxc8 d3 21. Qxd3
Ne5 22. Qd4 Qf6 23. f4 Raxc8 24. Bxc8 1-0

[Event "19. Wch 2009 Veteranos Femenino"]
[Site "Condino ITA"]
[Date "2009.10.27"]
[Round "1.2"]
[White "Komysheva, Margarita"]
[Black "Strutinskaya, Galina N"]
[Result "0-1"]
[WhiteElo "2097"]
[BlackElo "2292"]
[PlyCount "98"]
[EventDate "2009.10.27"]
[EventType "swiss"]
[EventRounds "9"]
[EventCountry "ITA"]
[Source "lmi"]
[SourceDate "2009.10.27"]

1. e4 c5 2. Nf3 e6 3. d4 cxd4 4. Nxd4 Nf6 5. Nc3 Nc6 6. Ndb5 d6 7. Bf4 e5 8.
Bg5 a6 9. Na3 b5 10. Bxf6 gxf6 11. Nd5 Bg7 12. Bd3 Ne7 13. Nxe7 Qxe7 14. c4 f5
15. O-O O-O 16. cxb5 d5 17. f3 Rb8 18. Qe2 dxe4 19. fxe4 fxe4 20. Bxe4 f5 21.
Bd3 e4 22. Bc4+ Kh8 23. Rad1 Qb4 24. bxa6 Bxb2 25. Nc2 Qe7 26. Kh1 Be5 27. Qf2
Qc7 28. a7 Ra8 29. Bd5 Rxa7 30. Nd4 Ra6 31. Bxe4 Bxh2 32. Qh4 Bg3 33. Qh5 Qg7
34. Bc6 f4 35. Kg1 Bg4 36. Qd5 Qf6 37. Nf3 Qxc6 38. Qxc6 Rxc6 39. Ra1 Rc5 40.
a4 Ra8 41. Rfb1 Rca5 42. Rb4 Bd7 43. Rab1 Rxa4 44. Rb8+ Rxb8 45. Rxb8+ Kg7 46.
Kf1 Ra1+ 47. Ke2 Ra2+ 48. Kd3 Bf5+ 49. Kd4 Rxg2 0-1

[Event "19. Wch 2009 Veteranos Femenino"]
[Site "Condino ITA"]
[Date "2009.10.27"]
[Round "1.5"]
[White "Fomina, Tatyana"]
[Black "Abdikasova, Panu"]
[Result "1-0"]
[WhiteElo "2232"]
[BlackElo "2055"]
[PlyCount "47"]
[EventDate "2009.10.27"]
[EventType "swiss"]
[EventRounds "9"]
[EventCountry "ITA"]
[Source "lmi"]
[SourceDate "2009.10.27"]

1. d4 d5 2. Nc3 c6 3. Bg5 Nd7 4. Qd2 Ngf6 5. f3 e6 6. e4 dxe4 7. fxe4 Be7 8.
Nf3 h6 9. Bf4 O-O 10. Bd3 b6 11. e5 Nd5 12. Nxd5 cxd5 13. Bxh6 f5 14. Bg5 Re8
15. h4 Nf8 16. Qf4 Nh7 17. g4 Nxg5 18. hxg5 Kf7 19. gxf5 exf5 20. Bxf5 Bxf5 21.
Qxf5+ Bf6 22. gxf6 gxf6 23. Ng5+ Kf8 24. Rh8+ 1-0

[Event "19. Wch 2009 Veteranos Femenino"]
[Site "Condino ITA"]
[Date "2009.10.27"]
[Round "1.6"]
[White "Onoprienko, Elena"]
[Black "Voronova, Tatiana"]
[Result "0-1"]
[WhiteElo "1977"]
[BlackElo "2226"]
[PlyCount "55"]
[EventDate "2009.10.27"]
[EventType "swiss"]
[EventRounds "9"]
[EventCountry "ITA"]
[Source "lmi"]
[SourceDate "2009.10.27"]

1. e4 g6 2. Nc3 c6 3. d4 d5 4. exd5 cxd5 5. Nf3 Bg7 6. Be2 Nc6 7. O-O Nh6 8. h3
Nf5 9. Bb5 O-O 10. Bxc6 bxc6 11. Ne2 f6 12. Bf4 Re8 13. Re1 e5 14. dxe5 fxe5
15. Bg5 Qb6 16. Rb1 h6 17. Bc1 Rf8 18. c3 Ba6 19. Qb3 Qc7 20. Ng3 Nxg3 21. fxg3
Bd3 22. Ra1 e4 23. Bf4 Rxf4 24. gxf4 exf3 25. g3 Rb8 26. Qd1 Qb6+ 27. Kh1 Qf2
28. Rg1 0-1

[Event "19. Wch 2009 Veteranos Femenino"]
[Site "Condino ITA"]
[Date "2009.10.27"]
[Round "1.7"]
[White "Zaitseva, Tamara"]
[Black "Lein, Marina"]
[Result "1-0"]
[WhiteElo "2221"]
[BlackElo "1961"]
[PlyCount "63"]
[EventDate "2009.10.27"]
[EventType "swiss"]
[EventRounds "9"]
[EventCountry "ITA"]
[Source "lmi"]
[SourceDate "2009.10.27"]

1. b3 Nf6 2. Bb2 e6 3. f4 d5 4. Nf3 Bd6 5. e3 c5 6. Bb5+ Bd7 7. Qe2 O-O 8. O-O
a6 9. Bxd7 Nbxd7 10. d3 Qc7 11. Nbd2 Rfd8 12. g3 Ne8 13. e4 d4 14. Nc4 Bf8 15.
Rae1 b5 16. Nce5 f6 17. Nxd7 Qxd7 18. Qg2 h6 19. Qh3 Qf7 20. Re2 Ra7 21. Ref2
Re7 22. Ne5 fxe5 23. fxe5 Nf6 24. exf6 gxf6 25. Rxf6 Qg7 26. Rxe6 Rf7 27. Qh5
Rxf1+ 28. Kxf1 Rd6 29. Rxd6 Bxd6 30. Qd5+ Qf7+ 31. Qxf7+ Kxf7 32. Kf2 1-0

[Event "19. Wch 2009 Veteranos Femenino"]
[Site "Condino ITA"]
[Date "2009.10.28"]
[Round "2.2"]
[White "Strutinskaya, Galina N"]
[Black "Miednikova, Swietlana"]
[Result "1-0"]
[WhiteElo "2292"]
[BlackElo "2173"]
[PlyCount "181"]
[EventDate "2009.10.27"]
[EventType "swiss"]
[EventRounds "9"]
[EventCountry "ITA"]
[Source "lmi"]
[SourceDate "2009.10.27"]

1. d4 d5 2. c4 dxc4 3. e3 e5 4. Bxc4 exd4 5. exd4 Bd6 6. Qb3 Qe7+ 7. Ne2 Nf6 8.
Nbc3 O-O 9. Bg5 c6 10. O-O-O h6 11. Bh4 Nbd7 12. f3 Nb6 13. Ne4 Nxc4 14. Bxf6
gxf6 15. Qxc4 Be6 16. Qd3 f5 17. Nxd6 Qxd6 18. Kb1 a5 19. Qe3 Rfe8 20. Qd2
Bxa2+ 21. Kxa2 Qe6+ 22. Kb1 Qxe2 23. Qxh6 Re6 24. Rd2 Qe3 25. Qxe3 Rxe3 26. Rc1
a4 27. Rc5 a3 28. bxa3 Rexa3 29. Rb2 Ra1+ 30. Kc2 Rg1 31. Kc3 Ra3+ 32. Kb4 Rga1
33. Re5 b6 34. Rxf5 Ra4+ 35. Kc3 R1a3+ 36. Kc2 Rc4+ 37. Kb1 b5 38. Rg5+ Kf8 39.
d5 Rc5 40. Rc2 Rxd5 41. Rxd5 cxd5 42. Rd2 b4 43. Rxd5 Re3 44. Kc1 Rc3+ 45. Kd2
Ra3 46. Rg5 f6 47. Rg4 Kf7 48. Kc2 Rc3+ 49. Kb2 Re3 50. Re4 Rd3 51. Kc2 Rc3+
52. Kd1 Rd3+ 53. Kc1 Rc3+ 54. Kb1 Rb3+ 55. Kc2 Rc3+ 56. Kb2 Rd3 57. Rg4 f5 58.
Rg5 Kf6 59. h4 f4 60. Rg8 Rd1 61. Kc2 Rh1 62. Kd3 Rc1 63. Rb8 Rd1+ 64. Ke4 Rd2
65. Rxb4 Rxg2 66. Rb6+ Kg7 67. Kf5 Kh7 68. Kxf4 Ra2 69. Kg5 Ra5+ 70. Kg4 Kg7
71. f4 Rc5 72. h5 Ra5 73. Re6 Rb5 74. Re5 Rb1 75. Re6 Rb5 76. h6+ Kh7 77. f5
Rb1 78. Kg5 Rg1+ 79. Kf6 Rf1 80. Re3 Rf2 81. Re4 Rf1 82. Re2 Rf3 83. Ke6 Kxh6
84. f6 Ra3 85. f7 Ra6+ 86. Ke7 Ra7+ 87. Kf6 Ra6+ 88. Re6 Ra8 89. Re8 Ra6+ 90.
Ke5 Kh7 91. f8=R 1-0

[Event "19. Wch 2009 Veteranos Femenino"]
[Site "Condino ITA"]
[Date "2009.10.28"]
[Round "2.3"]
[White "Bilunova, Rimma I"]
[Black "Kozlovskaya, Valentina"]
[Result "0-1"]
[WhiteElo "2171"]
[BlackElo "2252"]
[PlyCount "104"]
[EventDate "2009.10.27"]
[EventType "swiss"]
[EventRounds "9"]
[EventCountry "ITA"]
[Source "lmi"]
[SourceDate "2009.10.27"]

1. e4 c5 2. Nf3 e6 3. d4 cxd4 4. Nxd4 Nc6 5. Nxc6 bxc6 6. c4 Nf6 7. Bd3 e5 8.
O-O Be7 9. Nc3 O-O 10. Qe2 d6 11. Rd1 Be6 12. h3 Ne8 13. b3 Bg5 14. Bxg5 Qxg5
15. Qd2 Qh4 16. Qe3 c5 17. Ne2 g6 18. f4 exf4 19. Qxf4 Qxf4 20. Nxf4 a5 21. Bc2
Ra6 22. Rd2 Kg7 23. Rad1 Kf6 24. Nd3 Rc6 25. Nb2 Ke7 26. Na4 f6 27. Nc3 Ng7 28.
Nb5 Rd8 29. Kf2 a4 30. Nc3 axb3 31. Bxb3 Rb6 32. Nb5 Ne8 33. Re1 Ra8 34. Nc3
Kf7 35. Nb5 g5 36. g4 Rba6 37. Kg3 Rb8 38. Red1 Ke7 39. Rh1 Bf7 40. Re1 Rb7 41.
Rf2 Rab6 42. Nc3 Rb4 43. Nd5+ Bxd5 44. exd5+ Kf7 45. Re6 Re7 46. Rfe2 Rxe6 47.
Rxe6 Rb6 48. Bc2 Ng7 49. Re2 h5 50. Ba4 Ra6 51. Bb3 h4+ 52. Kf3 f5 0-1

[Event "19. Wch 2009 Veteranos Femenino"]
[Site "Condino ITA"]
[Date "2009.10.28"]
[Round "2.7"]
[White "Dotan, Valeria"]
[Black "Zaitseva, Tamara"]
[Result "1/2-1/2"]
[WhiteElo "2115"]
[BlackElo "2221"]
[PlyCount "34"]
[EventDate "2009.10.27"]
[EventType "swiss"]
[EventRounds "9"]
[EventCountry "ITA"]
[Source "lmi"]
[SourceDate "2009.10.27"]

1. e4 e5 2. Nf3 Nc6 3. Nc3 Nf6 4. Bc4 Bc5 5. d3 O-O 6. O-O d6 7. h3 h6 8. a3
Nd4 9. Nxd4 Bxd4 10. Nd5 Nxd5 11. Bxd5 c6 12. Bb3 a5 13. c3 Bb6 14. Qe2 Qe7 15.
Be3 Bxe3 16. Qxe3 Be6 17. Bxe6 Qxe6 1/2-1/2

[Event "19. Wch 2009 Veteranos Femenino"]
[Site "Condino ITA"]
[Date "2009.10.28"]
[Round "2.13"]
[White "Abdikasova, Panu"]
[Black "Savinova, Yulia"]
[Result "1-0"]
[WhiteElo "2055"]
[BlackElo "1400"]
[PlyCount "79"]
[EventDate "2009.10.27"]
[EventType "swiss"]
[EventRounds "9"]
[EventCountry "ITA"]
[Source "lmi"]
[SourceDate "2009.10.27"]

1. d4 d5 2. Nf3 e6 3. c4 Be7 4. Nc3 f5 5. g3 Nf6 6. Bg2 O-O 7. O-O c6 8. b3 Bd7
9. Bb2 Be8 10. Rc1 Nbd7 11. Ng5 Bf7 12. Nxf7 Rxf7 13. f3 Bd6 14. e4 dxe4 15.
fxe4 fxe4 16. Nxe4 Bc7 17. Ng5 Re7 18. Ba3 Re8 19. Bh3 e5 20. Be6+ Rxe6 21.
Nxe6 Qb8 22. Nxc7 Qxc7 23. dxe5 Qxe5 24. Qf3 Ne4 25. Qf7+ Kh8 26. Qxd7 Nxg3 27.
Rce1 Ne2+ 28. Rxe2 Qxe2 29. Bc5 Rg8 30. Bxa7 h5 31. Bd4 h4 32. Qh3 Qh5 33. Qf5
Qh6 34. Qf4 Qh5 35. Re1 h3 36. Qg3 Kh7 37. Qd3+ Kh8 38. Re3 Qg5+ 39. Rg3 Qc1+
40. Qf1 1-0

[Event "19. Wch 2009 Veteranos Femenino"]
[Site "Condino ITA"]
[Date "2009.10.28"]
[Round "2.14"]
[White "Di Cicco, Daniela"]
[Black "Onoprienko, Elena"]
[Result "0-1"]
[WhiteElo "1571"]
[BlackElo "1977"]
[PlyCount "36"]
[EventDate "2009.10.27"]
[EventType "swiss"]
[EventRounds "9"]
[EventCountry "ITA"]
[Source "lmi"]
[SourceDate "2009.10.27"]

1. d4 e5 2. c3 exd4 3. Qxd4 Nc6 4. Qd1 Bc5 5. Bf4 Nf6 6. f3 d5 7. e3 O-O 8. Bd3
Re8 9. Qd2 Nh5 10. Bxh7+ Kxh7 11. Qd3+ Kg8 12. Kf2 Nxf4 13. Qc2 Bxe3+ 14. Kf1
b6 15. g3 Ba6+ 16. Ke1 Bxg1+ 17. Kd1 Be2+ 18. Kd2 Be3+ 0-1

[Event "19. Wch 2009 Veteranos Femenino"]
[Site "Condino ITA"]
[Date "2009.10.30"]
[Round "3.1"]
[White "Fomina, Tatyana"]
[Black "Strutinskaya, Galina N"]
[Result "1/2-1/2"]
[WhiteElo "2232"]
[BlackElo "2292"]
[PlyCount "122"]
[EventDate "2009.10.27"]
[EventType "swiss"]
[EventRounds "9"]
[EventCountry "ITA"]
[Source "lmi"]
[SourceDate "2009.10.27"]

1. d4 d5 2. Nc3 Nf6 3. Bg5 c6 4. e3 Nbd7 5. Nf3 g6 6. Bd3 Bg7 7. O-O O-O 8.
Bxf6 Nxf6 9. Ne5 Nd7 10. Nxd7 Bxd7 11. Ne2 e5 12. c3 Qe7 13. Qd2 c5 14. Rfe1
Rac8 15. a4 a5 16. dxc5 Rxc5 17. b4 axb4 18. cxb4 Rc7 19. Bb5 Be6 20. Rec1 Rfc8
21. f4 Rxc1+ 22. Rxc1 Rxc1+ 23. Nxc1 Qc7 24. Nd3 exf4 25. Nxf4 Bc3 26. Qc1 Qe5
27. Nd3 Qf6 28. h3 Bf5 29. Nf4 Be4 30. Bd3 Bxb4 31. Qc8+ Bf8 32. Bxe4 dxe4 33.
Qxb7 Qa1+ 34. Kh2 Qxa4 35. h4 Qb4 36. Qxb4 Bxb4 37. Nd5 Bd6+ 38. Kh3 f5 39. g4
Kf7 40. h5 Ke6 41. hxg6 hxg6 42. Nc3 Bb4 43. gxf5+ Kxf5 44. Nd5 Bc5 45. Kg3 Ke5
46. Nf4 g5 47. Ng2 Kf5 48. Kh3 Kf6 49. Kg4 Bd6 50. Ne1 Be7 51. Ng2 Ke5 52. Ne1
Kf6 53. Ng2 Bd6 54. Ne1 Bh2 55. Nc2 Kg6 56. Nb4 Kf6 57. Nd5+ Ke5 58. Nc3 Bf4
59. exf4+ gxf4 60. Nd1 e3 61. Kf3 Kd4 1/2-1/2

[Event "19. Wch 2009 Veteranos Femenino"]
[Site "Condino ITA"]
[Date "2009.10.30"]
[Round "3.2"]
[White "Kozlovskaya, Valentina"]
[Black "Voronova, Tatiana"]
[Result "1/2-1/2"]
[WhiteElo "2252"]
[BlackElo "2226"]
[PlyCount "114"]
[EventDate "2009.10.27"]
[EventType "swiss"]
[EventRounds "9"]
[EventCountry "ITA"]
[Source "lmi"]
[SourceDate "2009.10.27"]

1. d4 c5 2. d5 e6 3. c4 exd5 4. cxd5 d6 5. Nc3 g6 6. e4 a6 7. a4 Bg7 8. Nf3 Nh6
9. Be2 O-O 10. O-O f6 11. h3 Nf7 12. Be3 Nd7 13. Nd2 Re8 14. a5 Rb8 15. Qc2
Nfe5 16. Rfe1 g5 17. Nf1 Nf8 18. Ng3 Nfg6 19. Nf5 Rf8 20. g3 Nf7 21. Reb1 b5
22. axb6 Rxb6 23. Nd1 Bxf5 24. exf5 Ne7 25. Nc3 Qc8 26. g4 Qb7 27. Bc4 Ne5 28.
b3 Rb8 29. Qe4 Kf8 30. Rc1 Bh6 31. Bd2 Ng8 32. Re1 Kg7 33. Na4 Rxb3 34. Bxb3
Qxb3 35. Re3 Qc4 36. Qxc4 Nxc4 37. Re2 Kf7 38. Rc1 Ne5 39. Ba5 Bf8 40. Rb2 Rb5
41. Rxb5 axb5 42. Nc3 b4 43. Ne4 Ke8 44. Bc7 Kd7 45. Bb8 Be7 46. Ra1 Nc4 47.
Ra8 b3 48. Ba7 Bd8 49. Rb8 b2 50. Rb3 Ba5 51. Bxc5 dxc5 52. Nxc5+ Kc7 53. Na4
Ne7 54. Nxb2 Nxb2 55. Rxb2 Kd6 56. Rb8 Nxd5 57. Ra8 Bd2 1/2-1/2

[Event "19. Wch 2009 Veteranos Femenino"]
[Site "Condino ITA"]
[Date "2009.10.30"]
[Round "3.3"]
[White "Fatalibekova, Elena"]
[Black "Vilerte, Tamara"]
[Result "1-0"]
[WhiteElo "2216"]
[BlackElo "2236"]
[PlyCount "85"]
[EventDate "2009.10.27"]
[EventType "swiss"]
[EventRounds "9"]
[EventCountry "ITA"]
[Source "lmi"]
[SourceDate "2009.10.27"]

1. e4 c5 2. Nf3 e6 3. b3 a6 4. Bb2 d6 5. d4 cxd4 6. Nxd4 Nf6 7. Nd2 Qc7 8. Bd3
Be7 9. O-O Nc6 10. c4 Nxd4 11. Bxd4 Bd7 12. Re1 Bc6 13. Nf1 O-O 14. Qc2 e5 15.
Bb2 a5 16. Ne3 Rfc8 17. a3 b6 18. Nf5 Bf8 19. Qd2 h6 20. Qe3 Kh7 21. Qf3 Ng8
22. Ne3 g6 23. Rac1 Bg7 24. Nd5 Qb7 25. a4 Rab8 26. Ba3 Qd7 27. Red1 Rd8 28.
Rc2 h5 29. Bc1 Rb7 30. Be3 Rdb8 31. h3 Bh6 32. Bxh6 Bxd5 33. Bc1 Be6 34. Ba3
Rd8 35. Rcd2 Qe7 36. Bc2 Rbd7 37. Qe3 Nh6 38. Qxb6 Qg5 39. Qe3 Qe7 40. f4 exf4
41. Qxf4 f6 42. Bxd6 Qf7 43. Ba3 1-0

[Event "19. Wch 2009 Veteranos Femenino"]
[Site "Condino ITA"]
[Date "2009.10.30"]
[Round "3.7"]
[White "Bogumil, Tatiana"]
[Black "Abdikasova, Panu"]
[Result "1-0"]
[WhiteElo "2169"]
[BlackElo "2055"]
[PlyCount "83"]
[EventDate "2009.10.27"]
[EventType "swiss"]
[EventRounds "9"]
[EventCountry "ITA"]
[Source "lmi"]
[SourceDate "2009.10.27"]

1. e4 c5 2. Nf3 d6 3. d4 cxd4 4. Nxd4 Nf6 5. Nc3 a6 6. a4 e6 7. Be2 Nc6 8. O-O
Be7 9. Be3 Bd7 10. Nb3 O-O 11. a5 Rc8 12. f4 Qc7 13. Bf3 Qb8 14. Na4 Be8 15.
Nb6 Rd8 16. c4 Nd7 17. Nxd7 Rxd7 18. Qe2 Qc8 19. Rfd1 Kh8 20. Rd2 Nb4 21. Nd4
Rc7 22. b3 Bc6 23. Rad1 d5 24. cxd5 exd5 25. Nxc6 bxc6 26. Bb6 Rb7 27. exd5
cxd5 28. Bxd5 Rd7 29. Qc4 Nxd5 30. Qxc8 Rxc8 31. Rxd5 Rxd5 32. Rxd5 Kg8 33. Rd7
Kf8 34. Ra7 Bd6 35. Rxa6 Bxf4 36. g3 Rc1+ 37. Kg2 Bd2 38. Ra8+ Ke7 39. a6 Ra1
40. a7 Ra2 41. Kf3 Bb4 42. Rb8 1-0

[Event "19. Wch 2009 Veteranos Femenino"]
[Site "Condino ITA"]
[Date "2009.10.30"]
[Round "3.8"]
[White "Khropova, Larisa"]
[Black "Mkrychian, Alla"]
[Result "1-0"]
[WhiteElo "2081"]
[BlackElo "2128"]
[PlyCount "69"]
[EventDate "2009.10.27"]
[EventType "swiss"]
[EventRounds "9"]
[EventCountry "ITA"]
[Source "lmi"]
[SourceDate "2009.10.27"]

1. d4 Nf6 2. Nf3 c5 3. e3 cxd4 4. exd4 d5 5. h3 Nc6 6. Bf4 Bf5 7. Bb5 Qa5+ 8.
Nc3 Ne4 9. O-O Nxc3 10. Bxc6+ bxc6 11. Qd2 e6 12. bxc3 Ba3 13. Rfb1 O-O 14. Ne5
Rac8 15. g4 Be4 16. f3 Bg6 17. h4 f6 18. Nxg6 hxg6 19. Qd3 f5 20. Rb7 Rf7 21.
Rxf7 Kxf7 22. Rb1 Re8 23. Kg2 Be7 24. Rb7 Qxa2 25. h5 gxh5 26. gxf5 exf5 27.
Qxf5+ Kg8 28. Qg6 Bf8 29. Qf7+ Kh8 30. Qxh5+ Kg8 31. Qxe8 Qxc2+ 32. Kg3 Qf5 33.
Rxa7 Kh7 34. Qf7 Qc8 35. Ra1 1-0

[Event "19. Wch 2009 Veteranos Femenino"]
[Site "Condino ITA"]
[Date "2009.10.30"]
[Round "3.11"]
[White "Lein, Marina"]
[Black "Chernova, Natalja"]
[Result "0-1"]
[WhiteElo "1961"]
[BlackElo "2082"]
[PlyCount "72"]
[EventDate "2009.10.27"]
[EventType "swiss"]
[EventRounds "9"]
[EventCountry "ITA"]
[Source "lmi"]
[SourceDate "2009.10.27"]

1. c4 c5 2. Nc3 e6 3. g3 Nf6 4. Bg2 Be7 5. Nf3 d6 6. O-O a6 7. d4 cxd4 8. Nxd4
Qc7 9. Qd3 O-O 10. e4 Nbd7 11. b3 Rb8 12. Bb2 b6 13. f4 Bb7 14. Rad1 Rfe8 15.
Nde2 Nc5 16. Qb1 Rbd8 17. b4 Ncd7 18. Qd3 Rc8 19. b5 Qc5+ 20. Qd4 Qb4 21. bxa6
Bxa6 22. Nb1 Rxc4 23. Qd2 Qxd2 24. Rxd2 Nxe4 25. Bxe4 Rxe4 26. Nbc3 Rc4 27.
Rfd1 d5 28. f5 h6 29. fxe6 fxe6 30. Nf4 Bf6 31. Nce2 Ne5 32. Kg2 Ng4 33. Kg1
Rec8 34. h3 Ne3 35. Rc1 Nf5 36. h4 Nd4 0-1

[Event "19. Wch 2009 Veteranos Femenino"]
[Site "Condino ITA"]
[Date "2009.10.31"]
[Round "4.1"]
[White "Strutinskaya, Galina N"]
[Black "Fatalibekova, Elena"]
[Result "1/2-1/2"]
[WhiteElo "2292"]
[BlackElo "2216"]
[PlyCount "77"]
[EventDate "2009.10.27"]
[EventType "swiss"]
[EventRounds "9"]
[EventCountry "ITA"]
[Source "lmi"]
[SourceDate "2009.10.27"]

1. d4 Nf6 2. c4 e6 3. Nc3 Bb4 4. e3 O-O 5. Bd3 d5 6. Nge2 c5 7. a3 Bxc3+ 8.
Nxc3 cxd4 9. exd4 dxc4 10. Bxc4 Nc6 11. Be3 b6 12. O-O Bb7 13. Rc1 Qd6 14. Nb5
Qd7 15. Rc2 a6 16. Nc3 b5 17. Ba2 Ne7 18. Bg5 Ned5 19. Nxd5 Nxd5 20. Qg4 f5 21.
Qh3 b4 22. Re1 bxa3 23. bxa3 Rac8 24. Rb2 Kh8 25. Bd2 Rf6 26. Reb1 Ba8 27. Qd3
Qd6 28. f3 Rff8 29. Bc4 Rc6 30. Bxd5 Qxd5 31. Rb8 Rcc8 32. R8b6 Rc6 33. Rb8
Rcc8 34. Rxc8 Rxc8 35. Bf4 h6 36. Rb2 Qa5 37. Rb4 Bd5 38. Bd2 Qc7 39. Rb2
1/2-1/2

[Event "19. Wch 2009 Veteranos Femenino"]
[Site "Condino ITA"]
[Date "2009.10.31"]
[Round "4.2"]
[White "Voronova, Tatiana"]
[Black "Fomina, Tatyana"]
[Result "0-1"]
[WhiteElo "2226"]
[BlackElo "2232"]
[PlyCount "92"]
[EventDate "2009.10.27"]
[EventType "swiss"]
[EventRounds "9"]
[EventCountry "ITA"]
[Source "lmi"]
[SourceDate "2009.10.27"]

1. e4 c5 2. Nf3 e6 3. c3 d5 4. exd5 Qxd5 5. d4 Nf6 6. Na3 Be7 7. Nb5 Na6 8. Be2
O-O 9. O-O cxd4 10. c4 Qd8 11. a3 d3 12. Bxd3 Nc5 13. Bc2 a6 14. Nc3 Qc7 15.
Qe2 b6 16. Ne5 Bb7 17. f4 Ncd7 18. Kh1 Bd6 19. Re1 Rac8 20. Bd2 h5 21. h3 g6
22. Rad1 Kg7 23. Bc1 Bxe5 24. fxe5 Ng8 25. Bg5 f5 26. exf6+ Ndxf6 27. Qd3 Qf7
28. Rf1 Rc5 29. Be3 Rf5 30. Qd6 Ne7 31. Bxf5 Nxf5 32. Rxf5 gxf5 33. Qxb6 Kh7
34. Bf4 Rg8 35. Rd2 h4 36. Qc7 Qxc7 37. Bxc7 Nh5 38. Be5 Kh6 39. Kg1 f4 40. Kf1
Kg5 41. Rf2 Kf5 42. Bxf4 Nxf4 43. Ne2 e5 44. b4 Rxg2 45. Ng1 Rg3 46. Ra2 Rc3
0-1

[Event "19. Wch 2009 Veteranos Femenino"]
[Site "Condino ITA"]
[Date "2009.10.31"]
[Round "4.3"]
[White "Vilerte, Tamara"]
[Black "Kozlovskaya, Valentina"]
[Result "0-1"]
[WhiteElo "2236"]
[BlackElo "2252"]
[PlyCount "78"]
[EventDate "2009.10.27"]
[EventType "swiss"]
[EventRounds "9"]
[EventCountry "ITA"]
[Source "lmi"]
[SourceDate "2009.10.27"]

1. d4 Nf6 2. Nf3 e6 3. c4 d5 4. Nc3 c6 5. Bg5 Nbd7 6. e3 Bd6 7. Rc1 Qa5 8. Bxf6
Nxf6 9. Nd2 O-O 10. Bd3 e5 11. Nb3 Qd8 12. cxd5 cxd5 13. dxe5 Bxe5 14. h3 a6
15. O-O Be6 16. f4 Bb8 17. Nd4 Ba7 18. Nce2 Bd7 19. Rf3 Rc8 20. Rc2 Qa5 21. b3
Rxc2 22. Qxc2 Rc8 23. Qb2 Re8 24. b4 Qc7 25. Rg3 g6 26. f5 Ne4 27. Rf3 Bb8 28.
g3 Ng5 29. fxg6 Nxf3+ 30. Nxf3 hxg6 31. Kf2 Ba7 32. Nfd4 Qe5 33. Qc1 Bxh3 34.
b5 axb5 35. Bxb5 Rc8 36. Qh1 Bg4 37. Qh4 Bxe2 38. Bxe2 Bxd4 39. exd4 Qf5+ 0-1

[Event "19. Wch 2009 Veteranos Femenino"]
[Site "Condino ITA"]
[Date "2009.10.31"]
[Round "4.7"]
[White "Chernova, Natalja"]
[Black "Zaitseva, Tamara"]
[Result "1-0"]
[WhiteElo "2082"]
[BlackElo "2221"]
[PlyCount "75"]
[EventDate "2009.10.27"]
[EventType "swiss"]
[EventRounds "9"]
[EventCountry "ITA"]
[Source "lmi"]
[SourceDate "2009.10.27"]

1. Nf3 Nf6 2. c4 g6 3. g3 Bg7 4. Bg2 O-O 5. Nc3 d6 6. d4 Nc6 7. O-O h6 8. e4 e5
9. h3 Re8 10. Be3 Kh7 11. d5 Ne7 12. c5 Bd7 13. cxd6 cxd6 14. Rc1 Qa5 15. Qb3
b5 16. Nd2 Rac8 17. a3 g5 18. Qb4 Qa6 19. Rfe1 Rb8 20. Bf1 Rec8 21. a4 Ne8 22.
axb5 Qb7 23. Ra1 Ra8 24. Nc4 Qb8 25. Ra2 Bf8 26. Rea1 Rxc4 27. Qxc4 Nc8 28. Ra5
Nc7 29. Qa2 Qb7 30. Bxa7 Bxb5 31. Nxb5 Nxb5 32. Bxb5 Rxa7 33. Rxa7 Qxb5 34.
Rxf7+ Kg8 35. Rc7 Ne7 36. Qa8 Kf7 37. Qa3 Qe2 38. Qxd6 1-0

[Event "19. Wch 2009 Veteranos Femenino"]
[Site "Condino ITA"]
[Date "2009.10.31"]
[Round "4.8"]
[White "Dotan, Valeria"]
[Black "Komysheva, Margarita"]
[Result "1/2-1/2"]
[WhiteElo "2115"]
[BlackElo "2097"]
[PlyCount "75"]
[EventDate "2009.10.27"]
[EventType "swiss"]
[EventRounds "9"]
[EventCountry "ITA"]
[Source "lmi"]
[SourceDate "2009.10.27"]

1. d4 Nf6 2. c4 g6 3. Nc3 Bg7 4. e4 d6 5. Nf3 O-O 6. Be2 Nc6 7. O-O e5 8. d5
Ne7 9. b4 a5 10. Ba3 b6 11. bxa5 Rxa5 12. Bb4 Ra8 13. a4 Ne8 14. a5 bxa5 15.
Bxa5 f5 16. Qd2 h6 17. Rfb1 f4 18. Ne1 Kh7 19. Nd3 Ng8 20. Nb5 Ngf6 21. f3 g5
22. c5 Qe7 23. Rc1 g4 24. cxd6 cxd6 25. Qe1 g3 26. hxg3 Nh5 27. g4 Ng3 28. Nf2
Qh4 29. Nh3 Bd7 30. Nc7 Nxc7 31. Rxc7 Bxg4 32. Bf1 Bxh3 33. gxh3 Qh5 34. Bg2
Rf7 35. Rxf7 Qxf7 36. Bb4 Rxa1 37. Qxa1 Qc7 38. Qb2 1/2-1/2

[Event "19. Wch 2009 Veteranos Femenino"]
[Site "Condino ITA"]
[Date "2009.11.02"]
[Round "5.1"]
[White "Kozlovskaya, Valentina"]
[Black "Fatalibekova, Elena"]
[Result "1/2-1/2"]
[WhiteElo "2252"]
[BlackElo "2216"]
[PlyCount "98"]
[EventDate "2009.10.27"]
[EventType "swiss"]
[EventRounds "9"]
[EventCountry "ITA"]
[Source "lmi"]
[SourceDate "2009.10.27"]

1. Nf3 Nf6 2. c4 e6 3. g3 d5 4. Bg2 Be7 5. O-O O-O 6. Qc2 a6 7. b3 c5 8. Bb2
Nc6 9. cxd5 Nxd5 10. a3 Bd7 11. d3 Rc8 12. Nbd2 Nd4 13. Qd1 Bf6 14. Nxd4 Bxd4
15. Bxd4 cxd4 16. Bxd5 exd5 17. Nf3 Bh3 18. Re1 Qf6 19. Qd2 Bg4 20. Qg5 Qxg5
21. Nxg5 h6 22. Nf3 Bxf3 23. exf3 Rc3 24. b4 Rxd3 25. Red1 Rxf3 26. Rxd4 Rc8
27. Ra2 Rcc3 28. Rxd5 Rxa3 29. Rxa3 Rxa3 30. Rd8+ Kh7 31. Rd7 b5 32. Rxf7 Ra4
33. Ra7 Kg6 34. h4 Kf6 35. h5 g6 36. Kg2 Kf5 37. Kh3 gxh5 38. f4 Ra1 39. Re7
Rh1+ 40. Kg2 Rb1 41. Re5+ Kg6 42. Re6+ Kg7 43. Rxa6 Rxb4 44. Kh3 Rc4 45. Rb6
Rc5 46. Kh4 Kh7 47. g4 hxg4 48. Kxg4 Kg7 49. f5 Rc1 1/2-1/2

[Event "19. Wch 2009 Veteranos Femenino"]
[Site "Condino ITA"]
[Date "2009.11.02"]
[Round "5.2"]
[White "Fomina, Tatyana"]
[Black "Khropova, Larisa"]
[Result "1-0"]
[WhiteElo "2232"]
[BlackElo "2081"]
[PlyCount "89"]
[EventDate "2009.10.27"]
[EventType "swiss"]
[EventRounds "9"]
[EventCountry "ITA"]
[Source "lmi"]
[SourceDate "2009.10.27"]

1. e4 g6 2. Bc4 Bg7 3. Nf3 d6 4. O-O Nf6 5. Qe2 O-O 6. d4 c6 7. e5 Ne8 8. Bg5
d5 9. Bb3 Bg4 10. Nbd2 Nc7 11. Qe3 Bxf3 12. Nxf3 a5 13. c3 a4 14. Bc2 Ne6 15.
Bh6 b5 16. h4 Nd7 17. h5 Nb6 18. g3 Nc4 19. Qc1 Qd7 20. Kg2 g5 21. Bxg5 Nxg5
22. Nxg5 h6 23. Nf3 f5 24. b3 axb3 25. axb3 Rxa1 26. Qxa1 Nb6 27. Qd1 e6 28.
Nh4 Qc7 29. Ng6 Rf7 30. g4 fxg4 31. Qxg4 Qd8 32. f4 Qe8 33. f5 Nd7 34. f6 Nxf6
35. exf6 Rxf6 36. Rxf6 Bxf6 37. Ne5+ Kf8 38. Bg6 Qc8 39. Qf4 Ke7 40. Qxh6 c5
41. Qh7+ Kd6 42. Qa7 cxd4 43. Nf7+ Kc6 44. cxd4 Qd7 45. Ne5+ 1-0